000 00390nam a2200109 a 4500
008 120416s9999 xx |||||||||||||| || u
050 _aTS 1750 Goh
100 _aGohl, Erhard Paul Gottlieb
245 1 0 _aTextile science
350 _a0.00
995 _D0.00
_FCBU-MAIN LIBRARY (Kitwe)
_H1
_I3.95
_UAVAILABLE
_ZAnnex Low-Usage Collection
999 _c59706
_d59706